Sports Quiz

Random Sports or Popular Quiz

Most Popular NFL Jerseys of 2009 Quiz Stats

 Plays Quiz not verified by Sporcle

Challenge
Share
Tweet
Embed
Score 0/20 Timer 05:00
0 Plays Today
Rank Jersey % Correct
12.Peyton Manning
96.1%
10.Eli Manning
95.7%
8.Tom Brady
91.1%
1.Brett Favre
81.3%
9.Adrian Peterson
74.9%
14.LaDainian Tomlinson
67.3%
6.Tony Romo
64.5%
5.Ben Roethlisberger
62%
11.Terrell Owens
56.1%
2.Jay Cutler
53.3%
Rank Jersey % Correct
19.Aaron Rodgers
53.1%
16.Larry Fitzgerald
52.7%
18.Matt Ryan
51.9%
4.Michael Vick
49.9%
7.Mark Sanchez
45.5%
17.Joe Flacco
40.4%
3.Troy Polamalu
33.5%
13.Hines Ward
31.1%
15.Jason Witten
14.2%
20.Michael Crabtree
11.3%

You're not logged in!

Compare scores with friends on all Sporcle quizzes.
Join for Free
OR
Log In

You Might Also Like...

Show Comments

Extras

Top Quizzes Today


Score Distribution

Your Account Isn't Verified!

In order to create a playlist on Sporcle, you need to verify the email address you used during registration. Go to your Sporcle Settings to finish the process.

Report this User

Report this user for behavior that violates our Community Guidelines.

Details: